000 00553nam a2200217 i 4500
001 C2-0306452
003 PPAK
005 20180728092518.0
008 101124s1975 xx |||| ||||| | eng d
040 _aPPAK
_beng
_cPPAK
_erda
082 0 4 _a899.222
_223
090 0 0 _a899.222
_bDRE
_dKIH
100 1 _aDrewes, g. w. j.,
_eauthor
245 1 4 _aThe romance of king anlin darma
264 1 _c1975
300 _a375 pages ;
_c23 cm
336 _2rdacontent
_atext
337 _2rdamedia
_aunmediated
338 _2rdacarrier
_avolume
942 _ddc
_cB
999 _c109359
_d109359